000 01141nam a2200253Ia 4500
999 _c51348
_d51348
001 18328
003 GE_BSU
005 20221129171348.0
008 181216s2014||||ge |||||||||||||| ||geo||
020 _a9789941040603x
040 _cGE_BSU
041 _ageo
080 _a159.9+316.6 შ-81
100 _aშოსტრომი, ე.
_916218
245 _aადამიანი - მანიპულატორი :
_b(ანტი - კარნეგი) /
_cევერეტ შოსტრომი ; მთარგმნელი მერი ნინიძე ; რედაქტორი ნიკა ქორიძე.
264 _aთბილისი :
_bპეგა,
_c2014.
300 _a189 გვ.;
_b20 სმ.
653 _a(ანტი-კარნეგი)
653 _aადამიანი-მანიპულატორი
653 _aსოციალური ფსიქოლოგია.
700 _aნინიძე, მერი
_eმთარგმნელი
_916219
700 _aქორიძე, ნიკა
_eრედაქტორი
_916220
942 _cBK
_2udc